000 00320nam a22001457a 4500
008 210528b ||||| |||| 00| 0 eng d
020 _a0155057286
041 _aeng
080 _a510
082 _a510
100 _a38
101 _aMAT
245 _aCalculus with Analytic Geometry
_cRobert Ellis
942 _2udc
_cBK
999 _c57773
_d57773